000
00270nam a22001097a 4500
082
_a
629.1323 POP'H
100
_a
POPE, ALAM,GOIN, KENNETH L
_9
80307
245
_a
HIGH SPEED WIND TUNNEL TESTING
260
_a
NEWYORK
_b
JOHN WILEY
_c
1965
300
_a
XI,474P
942
_c
BK
999
_c
585256
_d
585256